|
|
|
|
| LEADER |
01169nam a2200349 4500 |
| 001 |
DLU180184670 |
| 005 |
##20180504 |
| 020 |
# |
# |
|a 9786047867684
|
| 040 |
# |
# |
|a DLU
|b vie
|
| 041 |
# |
# |
|a vie
|
| 044 |
# |
# |
|a vn
|
| 082 |
# |
# |
|a 391.009 597
|b PH-P
|
| 100 |
# |
# |
|a Phan Thị Phượng.
|
| 245 |
# |
# |
|a Trang phục và nghệ thuật trang trí trên trang phục của người Lự ở Lai Châu /
|c Phan Thị Phượng.
|
| 260 |
# |
# |
|a H. :
|b Mỹ thuật,
|c 2017.
|
| 300 |
# |
# |
|a 155 tr. :
|b minh họa màu ;
|c 21 cm.
|
| 504 |
# |
# |
|a Tài liệu tham khảo: tr. 145-146.
|
| 505 |
# |
# |
|a Chương 1. Nguyên liệu và kỹ thuật khâu trang phục của người Lự ở Lai Châu -- Chương 2. Các loại trang phục của người Lự ở Lai Châu -- Chương 3. Nghệ thuật trang trí trên trang phục và sự biến đổi của trang phục.
|
| 653 |
# |
# |
|a Người Lự.
|
| 653 |
# |
# |
|a Trang phục.
|
| 923 |
# |
# |
|a 01/2018
|
| 991 |
# |
# |
|a SH
|
| 992 |
# |
# |
|a 6000
|
| 994 |
# |
# |
|a DLU
|
| 900 |
# |
# |
|a True
|
| 911 |
# |
# |
|a Nguyễn Thanh Hương
|
| 925 |
# |
# |
|a G
|
| 926 |
# |
# |
|a A
|
| 927 |
# |
# |
|a SH
|
| 980 |
# |
# |
|a Thư viện Trường Đại học Đà Lạt
|